Представление документа в формате RUSMARC

Поле Инд. ПП Название Значение
Тип записи a
Библиографический уровень a
001 Контрольный номер 31f31b9bd49e4c27b022ff6afb850a7f
005 Дата корректировки 20190404114817.4
100 a Данные общей обработки 20190404 ||| 0rusy0189 ca
101 0_ a Язык текста rus
102 a Страна публикации RU
200 1_ f Первые сведения об ответственности И.С. Иксанов
a Заглавие Конституционно- правовые аспекты становления и развития европейского гражданства
b Общее обозначение материала Текст
210 1_ d Дата издания 2019
461 _0 1 2000
a Конституционное и муниципальное право
463 _0 1 2000
a № 3
v С. 23-28
1 2101
d 2019
1 0014a4e2d897e5f41dfb343d13d24bb91af
606 a Основная рубрика Международное право. Право отдельных стран
610 0_ a Ключевые слова ЕВРОПЕЙСКИЙ СОЮЗ
a Ключевые слова КОНСТИТУЦИОННОЕ ПРАВО ЗАРУБЕЖНЫХ СТРАН
a Ключевые слова ГРАЖДАНСТВО
a Ключевые слова ДЕМОКРАТИЯ
700 _1 a Фамилия Иксанов
b Имя И.С.
801 _0 a Страна RU
b Организация РГУП
c Дата составления 20190404
g Правила каталогизации PSBO
801 _1 a Страна RU
b Организация РГУП
c Дата составления 20190404
g Правила каталогизации PSBO
901 t Тип документа b
w Контрольный № источника 4a4e2d897e5f41dfb343d13d24bb91af
905 a Дата ввода 20190404